Name The 1960's Band/Artist? - Statistics

General Stats
  • This quiz has been taken 33 times
  • The average score is 9 of 30
Answer Stats
Answer % Correct
Day Tripper The Beatles
93%
Paint It Black Rolling Stones
90%
House Of The Rising Sun The Animals
83%
Light My Fire The Doors
83%
I Can See For Miles The Who
63%
Son Of A Preacher Man Dusty Springfield
57%
Downtown Petula Clark
53%
Tired Of Waiting For You The Kinks
53%
Louie Louie The Kingsmen
40%
Monday, Monday Mamas And The Papas
37%
Arnold Layne Pink Floyd
37%
For Once In My Life Stevie Wonder
30%
Heroin Velvet Underground
30%
Twistin' the Night Away Sam Cooke
27%
Itchycoo Park Small Faces
27%
Cloud Nine The Temptations
27%
The Sun Ain't Gonna Shine Anymore Walker Brothers
23%
Baby I Love You The Ronettes
20%
Manic Depression Jimi Hendrix Experience
17%
My Guy Mary Wells
17%
Out Of Sight James Brown
13%
Sweets For My Sweet The Searchers
10%
Spanish Rose Van Morrison
7%
You're Gonna Miss Me 13th Floor Elevators
3%
Psychotic Reaction Count Five
3%
Dirty Water The Standells
3%
Rosalyn Pretty Things
0%
Life Is Just Beginning The Creation
0%
I Go Ape The Rockin Vickers
0%
Pictures And Designs The Seeds
0%
No matching quizzes found
Score Distribution
Percent of People with Each Score
Percentile by Number Answered
Your Score History
You have not taken this quiz